| 000 | 00712nam a22002057a 4500 | ||
|---|---|---|---|
| 005 | 20150325132243.0 | ||
| 008 | 150325s2010 enka fr 000 0 eng d | ||
| 020 | _a9780580694547 | ||
| 040 | _aEG-ScBUE | ||
| 043 | _ae------ | ||
| 082 | 0 | 0 |
_222 _a624.17 _bSTR |
| 245 | 0 | 0 |
_aStructural Eurocodes : _bextracts from the structural eurocodes for students of structural design : pp 1990-2010. |
| 250 | _a3rd ed., Fully revised and updated. | ||
| 260 |
_aLondon : _bBritish Standards Institution, _c2010 _f(Berforts Group) |
||
| 300 |
_a[Various pagings] : _bill. ; _c30 cm. |
||
| 650 | 0 |
_923486 _aStructural design _xStandards _zEurope |
|
| 653 |
_bENGCIV _cMarch2015 |
||
| 655 |
_vreading book _934232 |
||
| 942 | _2ddc | ||
| 999 |
_c19117 _d19089 |
||